| 000 | 00822nam a22002177a 4500 | ||
|---|---|---|---|
| 999 |
_c14385 _d14385 |
||
| 003 | AR-CdUCM | ||
| 008 | 190423b ||||| |||| 00| 0 spa d | ||
| 040 |
_aMUNICIPALIDAD PROVINCIAL DEL CUSCO _cBIBLIOTECA MUNICIPAL DEL CUSCO |
||
| 082 |
_a869.55 / _bD69 / 1960 |
||
| 100 |
_aDiaz Falconi, Julio _933133 |
||
| 245 | _aLa reforma ortográfica de Manuel Gonzalez Prada / | ||
| 260 |
_aLima : _bUniversidad Nacional de San Marcos, _c1960. |
||
| 300 |
_a37 páginas ; _c25 cm. |
||
| 440 |
_aPublicaciones del instituto de filología anejo de sphinx _n3 _933134 |
||
| 505 | _aContenido : Antecedentes -- La pronunciación americana -- Influencia de bello en Gonzalez Prada ... | ||
| 650 |
_aOrtografía _92067 |
||
| 650 |
_aFilología _933135 |
||
| 650 |
_aSiglo XX _98 |
||
| 942 |
_2ddc _cLIBROS |
||
| 945 |
_arah _d23/04/2019 |
||